Statistics for Lana Del Rey - The Other Woman Lyrics

Click here to take the quiz!

General Stats

  • This quiz has been taken 32 times
  • The average score is 119 of 141

Answer Stats

Answer% Correct
a
100%
He
100%
her
100%
other
100%
The
100%
the
100%
to
100%
woman
100%
will
96%
be
92%
in
92%
keep
92%
man
92%
never
92%
Alone
88%
alone
88%
And
88%
by
88%
hair
88%
herself
88%
love
88%
oh
88%
Oh
88%
old
88%
queen
88%
side
88%
sleep
88%
when
88%
always
84%
anywhere
84%
'Cause
84%
comes
84%
cry
84%
go
84%
has
84%
have
84%
like
84%
perfume
84%
seen
84%
she's
84%
time
84%
with
84%
call
80%
French
80%
his
80%
is
80%
nails
80%
such
80%
change
76%
finds
76%
fresh
76%
from
76%
life
76%
manicure
76%
waiting
76%
where
76%
flowers
72%
lonesome
72%
routine
72%
spend
72%
there
72%
are
68%
as
68%
clothes
68%
curls
68%
each
68%
fails
68%
It's
68%
perfect
68%
pin
68%
room
68%
toys
68%
Ah
64%
ah
64%
cut
64%
everywhere
64%
rival
64%
years
64%
enchants
60%
keeps
60%
scattered
60%
do
52%
that's
52%
Baby
40%

Score Distribution

Percentile by Number Answered

Percent of People with Each Score

Your Score History

You have not taken this quiz